ICSC 2006 fourth international conference on soft computing applied in computer and economic environments

Uložené v:
Podrobná bibliografia
Korporativný autor: ICSC 2006. International conference on soft computing applied in computer and economic environments
Médium: Kniha
Jazyk:English
Czech
Vydavateľské údaje: Kunovice European polytechnical institute 2006
Predmet:
Tagy: Pridať tag
Žiadne tagy, Buďte prvý, kto otaguje tento záznam!

MARC

LEADER 00000nam$a2200000$$$4500
001 0060108
005 20240104135253.1
020 |a 80-7314-084-5 
041 0 |a eng 
041 0 |a cze 
044 |a CZ 
245 1 0 |a ICSC 2006  |b fourth international conference on soft computing applied in computer and economic environments 
264 1 |a Kunovice  |b European polytechnical institute  |c 2006 
300 |a 180 s. 
610 2 0 |a systémy informačné 
610 2 0 |a rozhodovanie 
610 2 0 |a optimalizácia 
610 2 0 |a siete neurónové 
610 2 0 |a siete počítačové 
610 2 0 |a systémy počítačové 
610 2 0 |a modelovanie systémov riadiacich 
110 2 |a ICSC 2006. International conference on soft computing applied in computer and economic environments